000 00836nam a22002057a 4500
005 20111012122216.0
008 111012t xxu||||| |||| 00| 0 eng d
010 _aENG-103961
020 _c160.00
035 _aEN-87494
037 _bDBAD/PUB
040 _aDPL
_bEng
082 _a344.540125
245 _aThe employees' provident funds and miscellaneous provisions act, 1952 (19 of 1952) with short notes
_heng
260 _aDelhi
_bUniversal Law Publishing
_c2010
270 _aC-FF-1A, Dilkhush Industrial Estate, (Opp. Hans Cinema, Azadpur) G.T. Karnal Road,
_bDelhi
_e110033
300 _axii,228,6p.
_c24cm (pbk)
942 _2ddc
_cEN
_h344.540125
_mEMP
999 _c57576
_d57576